01163 2200337 4500001002100000005001500021035002000036008004100056020001800097082000800115084001400123100002000137245006900157260003500226300002400261520019000285650002100475700001500496990002600511990002600537990002600563990002600589990002600615990002600641990002600667990002600693990002600719990002600745990002700771990002700798INLIS00000000000048520241015104320 a0010-0520000485241015 | 0 eng  a0-07-310411-6 a428 a428 BRO g0 aBroukal, Milada1 aGrammar 3A :bForm and Function /cMilada Broukal and Amy Parker aNew York :bMcGraw Hill,c2005 av, 128 p. ;c27 cm. ain grammar form and function 3, high-interest photos bring high intermediate to advanced grammar to life. providing visual contexts for learning and retaining structures and vocabulary. 4aEnglish language0 aAmy Parker a12160/MKRI-P/III-2009 a12152/MKRI-P/III-2009 a12153/MKRI-P/III-2009 a12154/MKRI-P/III-2009 a12155/MKRI-P/III-2009 a12156/MKRI-P/III-2009 a12157/MKRI-P/III-2009 a12161/MKRI-P/III-2009 a16412/MKRI-P/XII-2009 a16411/MKRI-P/XII-2009 a12158/ MKRI-P/III-2009 a12159/ MKRI-P/III-2009